<?xml version="1.0" encoding="UTF-8"?><record xmlns="http://www.loc.gov/MARC21/slim" xmlns:zs="http://docs.oasis-open.org/ns/search-ws/sruResponse">
  <leader>02169cmm a22004095a 4500</leader>
  <controlfield tag="001">13419574</controlfield>
  <controlfield tag="005">20250606203745.0</controlfield>
  <controlfield tag="006">s ||d|s||||||   |2</controlfield>
  <controlfield tag="007">cr mnu||||||||</controlfield>
  <controlfield tag="008">031201m19979999xx         m        eng d</controlfield>
  <datafield ind1=" " ind2=" " tag="035">
    <subfield code="a">13419574</subfield>
  </datafield>
  <datafield ind1=" " ind2=" " tag="906">
    <subfield code="a">7</subfield>
    <subfield code="b">cbc</subfield>
    <subfield code="c">copycat</subfield>
    <subfield code="d">2</subfield>
    <subfield code="e">ncip</subfield>
    <subfield code="f">20</subfield>
    <subfield code="g">y-gencompf</subfield>
  </datafield>
  <datafield ind1="0" ind2=" " tag="925">
    <subfield code="a">acquire</subfield>
    <subfield code="x">policy default</subfield>
  </datafield>
  <datafield ind1=" " ind2=" " tag="955">
    <subfield code="a">yc14 2003-12-01 z-processor</subfield>
    <subfield code="i">yc14 2003-12-01 (rev. yb07 2003-12-02)</subfield>
    <subfield code="e">yc14 2003-12-01</subfield>
  </datafield>
  <datafield ind1=" " ind2=" " tag="955">
    <subfield code="a">LCAP batch update 2025-06-01-04:00: LCAPM-1014</subfield>
  </datafield>
  <datafield ind1=" " ind2=" " tag="010">
    <subfield code="a">  2003618491</subfield>
  </datafield>
  <datafield ind1=" " ind2=" " tag="035">
    <subfield code="a">(OCoLC)44892154</subfield>
  </datafield>
  <datafield ind1=" " ind2=" " tag="040">
    <subfield code="a">PBU</subfield>
    <subfield code="c">PBU</subfield>
    <subfield code="d">OCL</subfield>
    <subfield code="d">OCLCQ</subfield>
    <subfield code="d">DLC</subfield>
  </datafield>
  <datafield ind1=" " ind2=" " tag="042">
    <subfield code="a">lccopycat</subfield>
  </datafield>
  <datafield ind1=" " ind2=" " tag="043">
    <subfield code="a">a-kr---</subfield>
    <subfield code="a">ae-----</subfield>
  </datafield>
  <datafield ind1="0" ind2="0" tag="050">
    <subfield code="a">DS907.18</subfield>
  </datafield>
  <datafield ind1="0" ind2="0" tag="245">
    <subfield code="a">Korean history project</subfield>
    <subfield code="h">[electronic resource] :</subfield>
    <subfield code="b">where the past is always present</subfield>
  </datafield>
  <datafield ind1="3" ind2="0" tag="246">
    <subfield code="a">Where the past is always present</subfield>
  </datafield>
  <datafield ind1=" " ind2=" " tag="256">
    <subfield code="a">Electronic data.</subfield>
  </datafield>
  <datafield ind1=" " ind2=" " tag="260">
    <subfield code="a">[s.l.] :</subfield>
    <subfield code="b">Korean History Project,</subfield>
    <subfield code="c">[1997]-</subfield>
  </datafield>
  <datafield ind1=" " ind2=" " tag="336">
    <subfield code="a">computer program</subfield>
    <subfield code="b">cop</subfield>
    <subfield code="2">rdacontent</subfield>
  </datafield>
  <datafield ind1=" " ind2=" " tag="337">
    <subfield code="a">computer</subfield>
    <subfield code="b">c</subfield>
    <subfield code="2">rdamedia</subfield>
  </datafield>
  <datafield ind1=" " ind2=" " tag="338">
    <subfield code="a">online resource</subfield>
    <subfield code="b">cr</subfield>
    <subfield code="2">rdacarrier</subfield>
  </datafield>
  <datafield ind1=" " ind2=" " tag="500">
    <subfield code="a">Title from home page (viewed on Dec. 1, 2003 ; last updated March 14, 2001).</subfield>
  </datafield>
  <datafield ind1="0" ind2=" " tag="505">
    <subfield code="a">Main menu -- Site features -- Awards &amp; honors -- Search this site -- Who we are -- Contacts -- Friends of the tiger -- News from Asia.</subfield>
  </datafield>
  <datafield ind1=" " ind2=" " tag="516">
    <subfield code="a">HTML-encoded text and graphics.</subfield>
  </datafield>
  <datafield ind1=" " ind2=" " tag="520">
    <subfield code="a">Provides information on the history of Korea and her relationships with China, Manchuria, Mongolia, Russia, Japan, Europe, and the United States. Ongoing multimedia project managed by the Korean History Project, an educational organization dedicated to the research and production of online publications about Korean and East Asian history. Features "Korea in the Eye of the Tiger", essays, and personal perspectives to promote the understanding of Korean history, education, culture, and relationships among the East Asian countries. Provides a search engine and links to additional resources for graphics and texts.</subfield>
  </datafield>
  <datafield ind1=" " ind2=" " tag="538">
    <subfield code="a">Mode of access: World wide web</subfield>
  </datafield>
  <datafield ind1=" " ind2="0" tag="651">
    <subfield code="a">Korea</subfield>
    <subfield code="x">History.</subfield>
  </datafield>
  <datafield ind1=" " ind2="0" tag="651">
    <subfield code="a">East Asia</subfield>
    <subfield code="x">History.</subfield>
  </datafield>
  <datafield ind1="2" ind2=" " tag="710">
    <subfield code="a">Korean History Project.</subfield>
  </datafield>
  <datafield ind1="4" ind2=" " tag="856">
    <subfield code="u">http://www.koreanhistoryproject.org/</subfield>
  </datafield>
</record>
